|
|
|
|
| LEADER |
00000nab a2200000 a 4500 |
| 001 |
vtls000766488 |
| 005 |
20260421080535.0 |
| 008 |
140402c2001 xo 0 slo |
| 015 |
|
|
|a SNBRB2001/09-24988
|
| 035 |
|
|
|a CLN000118275
|
| 040 |
|
|
|a SNKBUCL
|b slo
|c SNKBUCL
|e AACR2
|
| 041 |
0 |
|
|a slo
|
| 044 |
|
|
|a xo
|c SK
|
| 080 |
|
|
|a 329.75-051
|2 1997
|
| 080 |
|
|
|a 355.292.5
|2 1997
|
| 080 |
|
|
|a 943.76-051"19"
|2 1997
|
| 080 |
|
|
|a 929 Čech, Vladimír
|2 1997
|
| 110 |
0 |
|
|a Slovenský zväz protifašistických bojovníkov.
|b Základná organizácia č. 7 Bratislava
|4 aut
|9 84491
|
| 245 |
0 |
0 |
|a Za JUDr. Vladimírom Čechom
|c Výbor ZO SZPB č. 7
|
| 300 |
|
|
|b Fotogr.
|
| 600 |
1 |
7 |
|a Čech, Vladimír,
|d 1929-2001
|2 SNKMA
|9 1637369
|
| 655 |
|
7 |
|a články z novín a časopisov
|2 snkbucl
|9 267496
|
| 773 |
0 |
|
|t Bojovník
|g Roč. 46, č. 14 (2001), s. 5
|x 0323-2018
|
| 852 |
|
|
|a SNK
|
| 958 |
|
|
|a BX
|
| 958 |
|
|
|a SK
|
| 999 |
|
|
|c 1364002
|d 1365932
|